000 02973nam a2200277 a 4500
003 OSt
005 20251111113755.0
007 cr ||||||a|c|a
008 231214s2020 mx a|||fom||| 001 0 spa d
040 _erda
100 1 _9188448
_aHernández Hernández, Refugio
245 1 0 _aSuelos supresivos para nematodos agalladores en Morelos /
_cpor Refugio Hernández Hernández;1 director de tesis Calixto Leopoldo Carrillo Fonseca.
264 _aChapingo, México :
_bEl autor,
_c2020.
300 _a1 recurso en línea (42 páginas):
_bcuadros.
336 _2rdacontent
_atexto
_btxt
337 _2rdamedia
_acomputadora
_bc
338 _2rdacarrier
_arecurso en línea
_bcr
502 _bIAEPA
_cParasitología
_d2020.
_gLIC
504 _aIncluye referencias bibliográficas: páginas 34-38.
520 _aLa producción de tomate es afectada por diversos factores y organismos, entre ellos, los nematodos que pueden ocasionar severas pérdidas en el cultivo. Provocan engrosamiento en las raíces lo que origina nódulos o agallas que en casos severos pueden provocar la muerte de planta. El control biológico, mediante la utilización de actinomiceto puede ser una herramienta para controlar los nematodos. Este organismo se encuentra en la mayoría de los suelos, por tal motivo, el presente estudio tiene como objetivo analizar el efecto del actinomiceto sobre los nematodos en el cultivo de tomate. En un campo agrícola de Zacualpan de Amilpas, Morelos se seleccionó aleatoriamente dos puntos (latitud 18.8167 y longitud de -98.75). Se colectó dos muestras de suelo a la profundidad de 0-0.30 m, caracterizado como suelos supresivos. Las muestras se analizaron en el laboratorio de Nematología Agrícola del Departamento de Parasitología Agrícola de la Universidad Autónoma Chapingo. El método utilizado fue de medio aséptico; aislamiento de organismo (actinomiceto), purificación y pruebas de patogenicidad (se aplicaron en el cultivo bajo invernadero). El diseño estadístico fue completamente al azar, con 3 tratamientos, 3 repeticionesy un testigo infestado naturalmente con y sin actinomicetos. Los organismos identificados en la muestra fueron Actinomicetos, Pencicillium, Aspergillus, Verticillium, Micorrizas, Metarhizium y Bacillus. Los resultados estadísticos indican que no hay diferencia significativa entre los tratamientos (α = 0.05). El actinomiceto por sí solo no disminuye la población de nemátodos lo que quiere decir que estos organismos (Actinomicetos, Pencillium, Aspergillus, Verticillium, Micorrizas, Metarhizium y Bacillus), funcionarían en conjunto (no hay literatura que lo especifique).
650 4 _9113714
_aTomate
_xEnfermedades por nemátodos
650 4 _927586
_aControl biológico de nemátodos
700 1 _919482
_aCarrillo Fonseca, Calixto Leopoldo
_edirector.
856 _uhttp://10.13.5.2/tesis/tl/Hernandez_Hernandez_Refugio.pdf
_zDESCARGAR PDF
942 _2Clasificación Universidad Autónoma Chapingo
_cTD
999 _c219517
_d219517